000 00722nam a2200229Ia 4500
003 GCL
008 140319s9999 xx 000 0 ara d
040 _aGCL /
_cGCL
082 0 4 _aق
_b962.042
_bا م
100 1 _aاحمد سويلم العمرى
245 1 0 _aمصطفى كامل /
_cاحمد سويلم العمرى
260 _a[S.N] :
_bالمجلس الاعلى لرعاية الفنون والاداب ،
_c1976
300 _a67 ص
490 _a
650 0 4 _aالعصر الحديث
650 0 4 _aمصر
650 0 4 _aتاريخ
650 0 4 _aالمقاومة الشعبية
650 0 4 _aعباس حلمى الثانى 1914-1892
650 0 4 _aالاحتلال البريطانى
942 _2ddc
_cBK
999 _c52378
_d52378